=LDR 00000nam 2200000 4500 =001 INLIS000000000009549 =005 20130612101334 =008 ***********************************Ind** =035 ##$$0010-061300000009549 =041 ##$$a Ind =082 ##$$a 170 =090 ##$$a 170, Sas e =100 ##$$a Sastrosuomo, Supprihadi =245 ##$$a Etika, Sebuah Pengantar, Drs.Suprihadi Sastrosupono =260 ##$$a 1983 $b Bandung; lumni =300 ##$$a 98 hlm, 19 cm =650 ##$$a Etika =850 ##$$a NBPNMAT